000 00557nam a2200205Ii 4500
003 JO-AjNU
008 230606s9999||||xx |||||||||||||| ||und||
020 _a1-93294-77-X
040 _aJO-AjNU
_beng
_erda
_cJO-AjNU
041 _aeng
050 1 4 _aTK5105.8885.A26.N45.2007
100 3 _aNeimke, Darrn,
_eauthor
_9761
245 0 0 _aAsp.Net.2,0 web parts in action
264 3 1 _aMANNING, 2007
300 _a324p
336 _atext
_btxt
_2rdacontent
337 _aunmediated
_bn
_2rdamedia
338 _avolume
_bnc
_2rdacarrier
650 4 _aweb part
_9762
999 _aE401
_c401
_d401